000 00777nam a2200241 a 4500
001 14354
003 BD-RjUL
005 20211208235620.0
008 970326s1927 enk b 000 0 eng
035 _a(BD-RjUL)14406
040 _aDLC
_cCarP
_dDLC
_dBD-RjUL
_beng
041 _aeng
082 _223
_a016.85
_bREF 1927
245 1 2 _aA reference library:
_bEnglish language and literature.
250 _a2nd ed.
260 _aOxford :
_bOxford university press
_c1927.
300 _a31, [1] p.
_c25 cm.
490 _aThe English Association ;
_vPamphlet No. 66
650 0 _aEnglish philology
_xReference books
_xBibliography.
_9221974
650 0 _aBibliography
_xEnglish Literature
_9221975
830 _aThe English Association ;
_vPamphlet No. 66
_9221976
942 _2ddc
_cREF
999 _c14354
_d14354